00449nam a2200109Ia 4500008004100000050002800041100002500069245010400094260008600198300002800284521002700312140724s9999 xx 000 0 und d aQA 76.9.S88b.P125 2011 aPadua, Jyan Carlo P. aOnline registration system for Southville International School and Colleges /cJyan Carlo P. Padua. aLas Piñas, Philippines :bSouthville International School and Colleges,cc2011. a88 p. :bill. ;c28 cm. aInformation Technology